|
|
|
|
| LEADER |
00000nab a2200000 ar4500 |
| 001 |
vtls011585809 |
| 003 |
SK-MaSNL |
| 005 |
20260305032211.0 |
| 008 |
161012c2016 xo qr|p||| |000 b|slo |
| 015 |
|
|
|a SNBRB2016/10
|
| 038 |
|
|
|a SPK
|
| 040 |
|
|
|a SPKCL
|b slo
|c AACR2
|e AACR2
|
| 041 |
0 |
|
|a slo
|
| 044 |
|
|
|a xo
|c SK
|
| 072 |
|
7 |
|a 331
|x Práca
|2 konspekt
|
| 072 |
|
7 |
|a 316.7
|x Sociológia kultúry. Kultúrny život
|2 konspekt
|
| 080 |
|
|
|a 331.56
|2 2011
|
| 080 |
|
|
|a 316.728
|2 2011
|
| 100 |
1 |
|
|a Štrbová, Monika,
|d 1975-
|4 aut
|9 260043
|
| 245 |
1 |
0 |
|a Nezamestnanosť a jej vplyv na spôsob života
|c Monika Štrbová
|
| 650 |
0 |
7 |
|a práca
|2 snkbucl
|9 2337
|
| 650 |
0 |
7 |
|a nezamestnanosť
|2 snkbucl
|9 4271
|
| 650 |
0 |
7 |
|a nezamestnaní
|2 snkbucl
|9 18893
|
| 650 |
0 |
7 |
|a životný štýl
|2 snkbucl
|9 1704
|
| 650 |
0 |
7 |
|a zamestnanecká politika
|2 snkbucl
|9 1245707
|
| 650 |
0 |
7 |
|a výskum
|2 snkbucl
|9 4238
|
| 651 |
|
7 |
|a Nitra (Slovensko : okres)
|2 snkbucl
|9 24094
|
| 655 |
|
7 |
|a recenzie
|2 snkbucl
|9 21907
|
| 773 |
0 |
|
|t Mládež a spoločnosť
|g Roč. XXII, č. 2 (2016), s. 82-83
|x 1335-1109
|
| 787 |
0 |
8 |
|i Rec.:
|a Selická, Denisa
|t Nezamestnanosť a jej vplyv na spôsob života
|d Nitra : Filozofická fakulta UKF v Nitre, 2015
|z 9788055809342
|
| 852 |
|
|
|a SPK
|b KIS3GCP
|
| 958 |
|
|
|a RC
|2 snkbucl
|
| 999 |
|
|
|c 3319084
|d 3321014
|